Starch: recent progress in biopolymer and enzyme technology
Saved in:
| Format: | Book |
|---|---|
| Language: | English |
| Published: |
Krakow
Polskie Towarzystwo Zywnosci. Oddzial Malopolski
2008
|
| Online Access: | View in OPAC |
| Tags: |
No Tags, Be the first to tag this record!
|
MARC
| LEADER | 00000nam a2200000 a 4500 | ||
|---|---|---|---|
| 005 | 20260127134140.0 | ||
| 008 | 110916 2011 xo 000 0 eng d | ||
| 020 | |a 978839026997x | ||
| 035 | |a vtls010311464 | ||
| 039 | 9 | |a 201109280918 |b mschk03 |y 201109161019 |z mschk03 | |
| 040 | |a STUSCHK1 |b slo |c STUSCHK1 |e AACR2 | ||
| 245 | 1 | |a Starch: recent progress in biopolymer and enzyme technology |c eds. Piotr Tomasik, Eric Bertoft, Andreas Blennow | |
| 260 | |a Krakow |b Polskie Towarzystwo Zywnosci. Oddzial Malopolski |c 2008 | ||
| 300 | |a 307 s. |b il. |c 24 cm | ||
| 910 | |a SCHK95 | ||
| 919 | |a 978-83-902699-7-x | ||
| 999 | |c 5207 |d 5207 | ||